Online
Catalog

Sistemas de bases de datos orientadas a objetos : (Record no. 3436)

MARC details
000 -CABECERA
campo de control de longitud fija 01224nam a2200289 a 4500
001 - NÚMERO DE CONTROL
campo de control 000003612
005 - FECHA Y HORA DE LA ÚLTIMA TRANSACCIÓN
campo de control 20200929150512.0
008 - DATOS DE LONGITUD FIJA--INFORMACIÓN GENERAL
campo de control de longitud fija 090711s1995 xxuad 001 0 spa d
020 ## - NÚMERO INTERNACIONAL ESTÁNDAR DEL LIBRO
Número Internacional Estándar del Libro 0201653567
040 ## - FUENTE DE LA CATALOGACIÓN
Centro catalogador/agencia de origen DO-SdBNP
Lengua de catalogación spa
Centro/agencia transcriptor BNPHU
082 ## - NÚMERO DE LA CLASIFICACIÓN DECIMAL DEWEY
Número de clasificación 005.75
Número de documento/Ítem B544s
049 ## - FONDOS LOCALES (OCLC)
Fondos de biblioteca BNGR
100 1# - ENTRADA PRINCIPAL--NOMBRE DE PERSONA
Nombre de persona Bertino, Elisa
Lenguaje de la obra español
9 (RLIN) 11112
240 10 - TÍTULO UNIFORME
Título uniforme Object-oriented database systems : concepts and architectures
245 10 - MENCIÓN DE TÍTULO
Título Sistemas de bases de datos orientadas a objetos :
Resto del título conceptos y arquitecturas /
Mención de responsabilidad, etc. Elisa Bertino, Lorenzo Martino ; versión en español Miguel Katrib Mora, Luis Joyanes Aguilar ; con la colaboración de Víctor Martín García.
260 ## - PUBLICACIÓN, DISTRIBUCIÓN, ETC.
Lugar de publicación, distribución, etc. Wilmington :
Nombre del editor, distribuidor, etc. Addison-Wesley Iberoamericana ;
-- Díaz de Santos,
Fecha de publicación, distribución, etc. 1995.
300 ## - DESCRIPCIÓN FÍSICA
Extensión 278 p.
500 ## - NOTA GENERAL
Nota general Incluye índice general y analítico
500 ## - NOTA GENERAL
Nota general Incluye vocabulario técnico bilingüe
504 ## - NOTA DE BIBLIOGRAFÍA, ETC.
Nota de bibliografía, etc. Bibliografía : p. 259-267
650 #4 - PUNTO DE ACCESO ADICIONAL DE MATERIA--TÉRMINO DE MATERIA
Término de materia o nombre geográfico como elemento de entrada Bases de datos orientadas a objetos
9 (RLIN) 11113
650 #4 - PUNTO DE ACCESO ADICIONAL DE MATERIA--TÉRMINO DE MATERIA
Término de materia o nombre geográfico como elemento de entrada Métodos orientados a objetos (computadores)
9 (RLIN) 96
700 12 - PUNTO DE ACCESO ADICIONAL--NOMBRE DE PERSONA
Nombre de persona Katrib Mora, Miguel
Término indicativo de función/relación tr.
9 (RLIN) 6124
700 12 - PUNTO DE ACCESO ADICIONAL--NOMBRE DE PERSONA
Nombre de persona Joyanes Aguilar, Luis
Término indicativo de función/relación tr.
9 (RLIN) 6125
700 12 - PUNTO DE ACCESO ADICIONAL--NOMBRE DE PERSONA
Nombre de persona García, Víctor Martín
Término indicativo de función/relación col.
9 (RLIN) 11114
910 ## - DATOS DE OPCIÓN DEL USUARIO (OCLC)
Datos de opción del usuario Validado. Control de calidad MFF
Holdings
Estado de retiro Estado de pérdida Restricciones de uso No para préstamo Código de colección Localización permanente Ubicación/localización actual Ubicación en estantería Fecha de adquisición Fuente de adquisición Número de inventario Total de préstamos Signatura topográfica completa Código de barras Fecha visto por última vez Precio válido a partir de Tipo de ítem Koha
        Monografías: Libros y Folletos General General Depósito 11.07.2009 002344 LF1   005.75 B544s 3612-10 25.06.2020 25.06.2020 Préstamo en sala

Powered by Koha